A text book of effective human resource training and development strategy (Record no. 292957)
[ view plain ]
| 000 -LEADER | |
|---|---|
| fixed length control field | 00452nam a2200169Ia 4500 |
| 005 - DATE AND TIME OF LATEST TRANSACTION | |
| control field | 20241004091816.0 |
| 008 - FIXED-LENGTH DATA ELEMENTS--GENERAL INFORMATION | |
| fixed length control field | 240126s9999 xx 000 0 und d |
| 020 ## - INTERNATIONAL STANDARD BOOK NUMBER | |
| International Standard Book Number | 9789350975916 |
| 082 ## - DEWEY DECIMAL CLASSIFICATION NUMBER | |
| Classification number | 658.3 RAT;2 R |
| 100 ## - MAIN ENTRY--PERSONAL NAME | |
| Personal name | Rathan Reddy, B. |
| 245 #2 - TITLE STATEMENT | |
| Title | A text book of effective human resource training and development strategy |
| 250 ## - EDITION STATEMENT | |
| Edition statement | 3rd ed. |
| 260 ## - PUBLICATION, DISTRIBUTION, ETC. (IMPRINT) | |
| Name of publisher, distributor, etc. | Himalaya Publishing |
| Place of publication, distribution, etc. | Mumbai |
| 300 ## - PHYSICAL DESCRIPTION | |
| Extent | 539 |
| 440 ## - SERIES STATEMENT/ADDED ENTRY--TITLE | |
| Title | NULL |
| 942 ## - ADDED ENTRY ELEMENTS (KOHA) | |
| Koha item type | PESU Books |
| Date last seen | Total Checkouts | Full call number | Accession number | Volume/Issue Number | Cost, replacement price | Price effective from | Category | Lost status | Source of classification or shelving scheme | Damaged status | Department | Withdrawn status | bill no. | Permanent Location | Current Location | Shelving location | Entry date | Vendor | Cost, normal purchase price | Grants | Currency symbol | Conversion rate | Discount | Discount type |
|---|---|---|---|---|---|---|---|---|---|---|---|---|---|---|---|---|---|---|---|---|---|---|---|---|
| 26/01/2024 | 658.3 RAT;2 R | PU11983 | (30/06/1905) | 595.00 | 26/01/2024 | PESU Books | Dewey Decimal Classification | Central Library | 93203 | Central Library | Central Library | Central Library | 11/10/2021 | Book Paradise | 850.00 | BBA-Sports | RS | 1 | 30 | Percentage | ||||
| 26/01/2024 | 658.3 RAT;3 R1 | PU11984 | (30/06/1905) | 595.00 | 26/01/2024 | PESU Books | Dewey Decimal Classification | Central Library | 93203 | Central Library | Central Library | Central Library | 11/10/2021 | Book Paradise | 850.00 | BBA-Sports | RS | 1 | 30 | Percentage | ||||
| 26/01/2024 | 658.3 RAT;4 | PU11985 | (30/06/1905) | 595.00 | 26/01/2024 | PESU Books | Dewey Decimal Classification | Central Library | 93203 | Central Library | Central Library | Central Library | 11/10/2021 | Book Paradise | 850.00 | BBA-Sports | RS | 1 | 30 | Percentage | ||||
| 26/01/2024 | 658.3 RAT;5 | PU11986 | (30/06/1905) | 595.00 | 26/01/2024 | PESU Books | Dewey Decimal Classification | Central Library | 93203 | Central Library | Central Library | Central Library | 11/10/2021 | Book Paradise | 850.00 | BBA-Sports | RS | 1 | 30 | Percentage |
